| 000 | 00651nam a2200205 a 4500 | ||
|---|---|---|---|
| 001 | 000042503 | ||
| 005 | 20201002040209.0 | ||
| 008 | 131205s1972 sp 000 0 spa d | ||
| 040 |
_aDO-SdBNP _bspa _cBNPHU |
||
| 041 | 1 | 7 |
_aspa _heng |
| 082 |
_axxx _bxxx |
||
| 100 | 1 |
_aBreton, André, _d1896-1966. _939334 |
|
| 240 | 1 | 0 |
_aLes pas perdus _lEspañol. |
| 245 | 1 | 4 |
_aLos pasos perdidos / _cAndré Breton ; traductor Miguel Veyrat. |
| 260 |
_aMadrid : _bAlianza, _c1972. |
||
| 300 |
_a158 p. ; _c18 cm. |
||
| 490 | 1 |
_aEl Libro de bolsillo _aliteratura _v388 |
|
| 700 | 1 | 2 |
_aVeyrat, Miguel _etr. _969702 |
| 830 | 0 |
_aEl Libro de bolsillo _pliteratura _n388 _969703 |
|
| 999 |
_c41992 _d41992 |
||